000 00786nam a22002417a 4500
999 _c35608
_d35608
003 OSt
005 20250206062538.0
008 250128b ||||| |||| 00| 0 eng d
020 _a978-950-12-9396-8
040 _aBMC
_cBMC
082 _a658.04
100 1 _aLindstrom, Martin
_949199
245 1 0 _aSmall Data
_b: las pequeñas pistas que revelan grandes tendencias
_cMartin Lindstrom; traducción, Gustavo Teruel; [Prólogo, Chip Heath]
250 _a1° ed.
260 _aBuenos Aires
_bPaidós
_c2016
300 _a332 p.
_c23 cm
490 _aPaidós Empresa
546 _aTraducción de: Small data. The tiny clues that uncover huge trends
650 2 4 _93341
_aGestión de empresas
700 1 _949200
_aTeruel, Gustavo
700 1 _949201
_aChip Heath
942 _2ddc
_cBK